[Event "PNWCC Masters WOO 2020"]
[Site "chess.com INT"]
[Date "2020.07.04"]
[Round "3.9"]
[White "Kumar, Nikhil"]
[Black "Liang, Awonder"]
[Result "0-1"]
[WhiteTitle "FM"]
[BlackTitle "GM"]
[WhiteElo "2328"]
[BlackElo "2592"]
[WhiteFideId "30909040"]
[BlackFideId "2056437"]
[EventDate "2020.07.04"]

1. d4 Nf6 2. c4 e6 3. Nc3 Bb4 4. e3 O-O 5. Bd3 c5 6. Nf3 b6 7. O-O Bb7 8. Qe2
Bxc3 9. bxc3 Be4 10. Re1 d6 11. Nd2 Bxd3 12. Qxd3 Nc6 13. e4 Qc8 14. Nf1 Re8 15.
f4 cxd4 16. cxd4 Qa6 17. e5 dxe5 18. fxe5 Nd5 19. Bd2 Rad8 20. Ng3 Nde7 21. Re4
Rd7 22. Be3 Ng6 23. Qc2 Red8 24. Qc3 Qa5 25. Qxa5 Nxa5 26. Rc1 Rc8 27. c5 bxc5
28. Bd2 Nb7 29. Kf1 Ne7 30. Rc4 h6 31. Ke2 Rcd8 32. Be3 cxd4 33. Rcxd4 Nd5 34.
Rc4 f5 35. Red4 f4 36. Bxf4 Na5 37. Rc5 Nc3+ 38. Rxc3 Rxd4 39. Be3 Ra4 40. Bxa7
Nc4 41. Rc2 Nxe5 42. Be3 Rda8 0-1

[Event "PNWCC Masters WOO 2020"]
[Site "chess.com INT"]
[Date "2020.07.04"]
[Round "3.10"]
[White "Matlakov, Maxim"]
[Black "Yang, Kaiqi"]
[Result "1-0"]
[WhiteTitle "GM"]
[BlackTitle "GM"]
[WhiteElo "2685"]
[BlackElo "2481"]
[WhiteFideId "4168003"]
[BlackFideId "8604398"]
[EventDate "2020.07.04"]

1. d4 Nf6 2. c4 e6 3. Nf3 d5 4. g3 Be7 5. Bg2 O-O 6. Qc2 c6 7. O-O Nbd7 8. Nbd2
b6 9. e4 Bb7 10. e5 Ne8 11. cxd5 cxd5 12. Re1 Rc8 13. Qa4 a6 14. Nf1 b5 15. Qd1
Nb6 16. h4 b4 17. h5 Bc6 18. h6 g6 19. Ne3 Ba4 20. b3 Bb5 21. Ng4 Nd7 22. Bf4 a5
23. Qd2 Ba6 24. Bg5 Nc7 25. Rec1 Bxg5 26. Nxg5 Nb5 27. Bf1 Rc3 28. Qf4 Qe7 29.
Rxc3 bxc3 30. Rc1 Nxd4 31. Bxa6 Qxg5 32. Qxg5 Nf3+ 33. Kg2 Nxg5 34. Rxc3 f5 35.
exf6 Nxf6 36. Ne5 Nfe4 37. Rc2 d4 38. Bc4 Nd6 39. f4 Nxc4 40. Rxc4 Nf7 41. Nxf7
Kxf7 42. Rxd4 g5 43. Rd7+ Kg6 44. fxg5 a4 45. Rg7+ Kh5 46. Kh3 Rf3 47. bxa4 e5
48. a5 Ra3 49. a6 e4 50. a7 1-0

[Event "PNWCC Masters WOO 2020"]
[Site "chess.com INT"]
[Date "2020.07.04"]
[Round "3.11"]
[White "Nguyen, Duc Hoa"]
[Black "Melkumyan, Hrant"]
[Result "1-0"]
[WhiteTitle "GM"]
[BlackTitle "GM"]
[WhiteElo "2406"]
[BlackElo "2663"]
[WhiteFideId "12401358"]
[BlackFideId "13302485"]
[EventDate "2020.07.04"]

1. d4 Nf6 2. c4 g6 3. Nf3 Bg7 4. g3 b6 5. Bg2 Bb7 6. O-O O-O 7. Qc2 c5 8. d5 b5
9. Nfd2 bxc4 10. Nc3 d6 11. Nxc4 Nbd7 12. Rd1 a5 13. b3 Ba6 14. Bb2 Qc7 15. a4
Rfb8 16. Na3 Qd8 17. Ncb5 Ne8 18. Bxg7 Kxg7 19. e4 Bxb5 20. Nxb5 Nc7 21. Bf1 Nf6
22. Re1 Nxb5 23. Bxb5 Ne8 24. e5 Nc7 25. Bc6 Ra7 26. Qc3 Kg8 27. Re3 e6 28. Rd1
dxe5 29. d6 Na6 30. Qxe5 Nb4 31. Bb5 Nc2 32. Rc3 Nd4 33. Qxc5 Nxb5 34. axb5 Rab7
35. b6 Rxb6 36. d7 Ra6 37. h4 Raa8 38. h5 Qf8 39. Qd4 Rd8 40. Rdc1 Rab8 41. Rc7
gxh5 42. Qf6 h6 43. R1c4 Kh7 44. Qc3 Qd6 45. Rd4 Qe5 46. Qd3+ Kg8 47. Rdc4 Kf8
48. R4c5 Qe1+ 49. Kg2 h4 50. gxh4 Ke7 51. Rc8 Rxd7 52. R5c7 Kf6 53. Qf3+ Ke5 54.
Rc5+ Kd6 55. R5c6+ Ke7 56. Rxb8 Qe5 57. Rg8 Rd4 58. Rc4 Rd5 59. Rf4 f5 60. Qg3
Rd1 61. Qg7+ Qxg7+ 62. Rxg7+ Kf6 63. Ra7 Rb1 64. Rf3 Ra1 65. b4 a4 66. b5 Rb1
67. Ra5 1-0

[Event "PNWCC Masters WOO 2020"]
[Site "chess.com INT"]
[Date "2020.07.04"]
[Round "3.12"]
[White "Fedoseev, Vladimir3"]
[Black "Zhao, Ian"]
[Result "1-0"]
[WhiteTitle "GM"]
[BlackTitle "FM"]
[WhiteElo "2678"]
[BlackElo "2380"]
[WhiteFideId "24130737"]
[BlackFideId "2620740"]
[EventDate "2020.07.04"]

1. e4 e5 2. Nf3 Nc6 3. Bb5 a6 4. Ba4 Nf6 5. O-O Be7 6. Re1 b5 7. Bb3 d6 8. c3
O-O 9. d4 Bg4 10. Be3 Re8 11. Nbd2 d5 12. h3 Bxf3 13. Qxf3 exd4 14. cxd4 Bb4 15.
Bxd5 Nxd5 16. exd5 Ne7 17. a3 Bxd2 18. Bxd2 Qd7 19. d6 cxd6 20. Bf4 Rac8 21.
Rac1 Nf5 22. Qd5 Rxe1+ 23. Rxe1 h5 24. Bg5 Rc4 25. Re4 Rc2 26. b4 Rc3 27. Re5 g6
28. Re1 Rc4 29. Bf6 h4 30. Re4 Rc8 31. Kh2 Kf8 32. Bxh4 Qc6 33. Qxc6 Rxc6 34.
Bd8 Rc3 35. g4 Ng7 36. Be7+ Ke8 37. Bxd6+ Kd7 38. Be5 Ne6 39. Re3 Rxe3 40. fxe3
Ng5 41. h4 Nh7 42. g5 Nf8 43. d5 Ke7 44. e4 Nd7 45. Bc7 Nf8 46. Kg3 Kd7 47. Be5
Ke7 48. Kf4 Nd7 49. Bc7 1-0

[Event "PNWCC Masters WOO 2020"]
[Site "chess.com INT"]
[Date "2020.07.04"]
[Round "3.13"]
[White "Kovalev, Vladislav"]
[Black "Li, Ben"]
[Result "1-0"]
[WhiteTitle "GM"]
[BlackTitle "IM"]
[WhiteElo "2648"]
[BlackElo "2376"]
[WhiteFideId "13504398"]
[BlackFideId "2089980"]
[EventDate "2020.07.04"]

1. e4 e5 2. Nf3 Nc6 3. Bb5 a6 4. Ba4 Nf6 5. O-O Be7 6. Re1 b5 7. Bb3 d6 8. c3
O-O 9. h3 Nb8 10. d4 Nbd7 11. Bc2 Bb7 12. a4 Re8 13. Bd3 c6 14. Nbd2 Bf8 15. Qc2
g6 16. b3 Nh5 17. Bb2 Rc8 18. Rad1 exd4 19. cxd4 b4 20. Nc4 d5 21. Nce5 Ndf6 22.
Ng5 Rc7 23. Nexf7 Rxf7 24. Nxf7 Kxf7 25. e5 Ne4 26. Rxe4 dxe4 27. Bc4+ Kg7 28.
Bc1 Kh8 29. Bf7 Qe7 30. Bxe8 Qxe8 31. d5 cxd5 32. Qc7 Qe7 33. Qb8 Kg7 34. Be3
Bc6 35. Rc1 Qe6 36. Qa7+ Kg8 37. Qxa6 Bd7 38. Qxe6+ Bxe6 39. a5 d4 40. Bxd4 Nf4
41. Kf1 Nd3 42. Rc7 Bxb3 43. a6 Bd5 44. a7 b3 45. e6 b2 46. Bxb2 Nxb2 47. e7
Bxe7 48. Rxe7 Nd3 49. Rd7 Bc6 50. Rc7 Bd5 51. Ke2 Nf4+ 52. Ke3 Nxg2+ 53. Kd4 Nf4
54. Rd7 Bc6 55. Rd6 Bb7 56. Rd8+ Kg7 57. Rd7+ Kf6 58. Rxb7 Ne6+ 59. Ke3 1-0

[Event "PNWCC Masters WOO 2020"]
[Site "chess.com INT"]
[Date "2020.07.04"]
[Round "3.14"]
[White "Hovhannisyan, Robert"]
[Black "Tanenbaum, Zachary"]
[Result "1-0"]
[WhiteTitle "GM"]
[WhiteElo "2642"]
[BlackElo "2137"]
[WhiteFideId "13302507"]
[BlackFideId "2060850"]
[EventDate "2020.07.04"]

1. e4 e5 2. Nf3 Nc6 3. Bb5 a6 4. Ba4 d6 5. O-O Nf6 6. Re1 Be7 7. Bxc6+ bxc6 8.
d4 exd4 9. Nxd4 Bd7 10. Qf3 O-O 11. Nc3 Rb8 12. h3 Re8 13. b3 Qc8 14. Bb2 Bf8
15. g4 h5 16. Nf5 d5 17. exd5 Rxe1+ 18. Rxe1 hxg4 19. hxg4 Bxf5 20. gxf5 cxd5
21. Kg2 Rb4 22. Ne2 Ne4 23. Rh1 Rb6 24. Rh5 Qd8 25. Nf4 Rh6 26. Qg4 Rxh5 27.
Nxh5 Qg5 28. Qxg5 Nxg5 29. f3 f6 30. Nf4 c6 31. Bd4 Bd6 32. Nd3 Kf8 33. Be3 Nf7
34. Kh3 Ne5 35. f4 Nf7 36. Bc5 Ke7 37. Kh4 Nh6 38. Kh5 Nxf5 39. Kg6 Ng3 40.
Bxd6+ Kxd6 41. Kxg7 Ne4 42. b4 Kc7 43. a4 Kb6 44. f5 a5 45. Kf7 axb4 46. Nxb4
Kc5 47. a5 Kb5 48. a6 Kb6 49. Ke6 d4 50. a7 Kxa7 51. Nxc6+ Kb6 52. Kd5 Nc3+ 53.
Kxd4 Nb5+ 54. Kd5 Nc3+ 55. Kc4 Ne4 56. Nd4 Kc7 57. Kd5 Nc3+ 58. Ke6 Ne4 59. Ne2
Kc6 60. Nf4 Kc5 61. Nh5 Kd4 62. Nxf6 Ng3 63. Ng4 Kc3 64. Ne3 Kd4 65. Nd1 Ne4 66.
f6 Ng5+ 67. Ke7 Ke5 68. f7 Nxf7 69. Kxf7 Kf5 70. c4 Ke5 71. Nb2 1-0

[Event "PNWCC Masters WOO 2020"]
[Site "chess.com INT"]
[Date "2020.07.04"]
[Round "3.16"]
[White "Swiercz, Dariusz"]
[Black "Luo, Terry"]
[Result "1-0"]
[WhiteTitle "GM"]
[WhiteElo "2649"]
[BlackElo "2124"]
[WhiteFideId "1126881"]
[BlackFideId "30931045"]
[EventDate "2020.07.04"]

1. e4 c5 2. Nf3 d6 3. d4 cxd4 4. Nxd4 Nf6 5. Nc3 Nc6 6. Bg5 e6 7. Bb5 Bd7 8. Qd3
Be7 9. O-O-O O-O 10. Bxc6 bxc6 11. Nb3 Ne8 12. Bxe7 Qxe7 13. e5 Qg5+ 14. Qe3
Qxe3+ 15. fxe3 d5 16. Ne4 Nc7 17. Nec5 Be8 18. Nd4 a5 19. Rhf1 Na6 20. Ndb3 Nb8
21. a4 Nd7 22. Nxd7 Bxd7 23. Nc5 Bc8 24. Rf4 f5 25. Rd3 g5 26. Rf2 Rb8 27. Rb3
Rxb3 28. Nxb3 Bd7 29. Nc5 Bc8 30. c3 Rf7 31. g3 Ra7 32. b3 h5 33. Kb2 Kf7 34. b4
Ba6 35. h4 g4 36. bxa5 Bc4 37. Ka3 Rxa5 38. Nb7 Ra7 39. Rb2 Ba6 40. Nd8+ 1-0

[Event "PNWCC Masters WOO 2020"]
[Site "chess.com INT"]
[Date "2020.07.04"]
[Round "3.17"]
[White "Ter-Sahakyan, Samvel"]
[Black "Salik, Serkan"]
[Result "1/2-1/2"]
[WhiteTitle "GM"]
[WhiteElo "2640"]
[BlackElo "1986"]
[WhiteFideId "13302531"]
[BlackFideId "30952492"]
[EventDate "2020.07.04"]

1. e4 c5 2. Nf3 d6 3. d4 cxd4 4. Nxd4 Nf6 5. Nc3 a6 6. Be3 e5 7. Nb3 Be7 8. f3
Be6 9. Qd2 O-O 10. O-O-O Nbd7 11. g4 b5 12. Rg1 Nb6 13. Na5 Qc7 14. g5 Nh5 15.
Kb1 Rac8 16. a3 d5 17. exd5 Nxd5 18. Nxd5 Bxd5 19. Qf2 Be6 20. Bb6 Qb8 21. Ba7
Qc7 22. Bb6 Qb8 23. Ba7 Qc7 24. Bb6 1/2-1/2

[Event "PNWCC Masters WOO 2020"]
[Site "chess.com INT"]
[Date "2020.07.04"]
[Round "3.19"]
[White "Shyam, Sundar M."]
[Black "Chen, Ryo"]
[Result "1-0"]
[WhiteTitle "GM"]
[WhiteElo "2518"]
[BlackElo "2085"]
[WhiteFideId "5019141"]
[BlackFideId "7003072"]
[EventDate "2020.07.04"]

1. e4 c5 2. Nf3 d6 3. Bb5+ Bd7 4. Bxd7+ Nxd7 5. O-O Ngf6 6. Re1 e6 7. c3 Be7 8.
d4 O-O 9. e5 Nd5 10. c4 N5b6 11. exd6 Bxd6 12. b3 cxd4 13. Qxd4 Bc5 14. Qc3 Qf6
15. Bb2 Qxc3 16. Nxc3 Nf6 17. Kf1 Rfd8 18. Red1 Kf8 19. Ke2 a6 20. h3 Ke8 21. g4
Rxd1 22. Rxd1 Rd8 23. Rxd8+ Kxd8 24. Ng5 Ke8 25. Nce4 Nxe4 26. Nxe4 Bf8 27. Ng5
h6 28. Nh7 f6 29. Nxf8 Kxf8 30. h4 Kf7 31. h5 Nd7 32. Ke3 e5 33. b4 Ke6 34. Ke4
Nb6 35. c5 Nd5 36. a3 Nf4 37. Bc1 Nh3 38. Be3 Ng1 39. f4 Ne2 40. f5+ Kd7 41. Kd3
Nf4+ 42. Bxf4 exf4 43. a4 Kc6 44. Kc4 b6 45. cxb6 Kxb6 46. Kd4 Kc6 47. Ke4 f3
48. Kxf3 Kd5 49. b5 a5 50. Kf4 Kd6 51. Ke4 Kc5 52. b6 Kxb6 53. Kd5 Kc7 54. Kc5
Kb7 55. Kb5 Kc7 56. Kxa5 Kc6 57. Kb4 Kb6 58. a5+ Ka6 59. Ka4 Ka7 60. Kb5 Kb7 61.
a6+ Ka7 62. Ka5 Kb8 63. Kb6 Kc8 64. a7 Kd7 65. a8=Q Kd6 66. Qe4 Kd7 67. Qe6+ Kd8
68. Kc6 g5 69. Qd7# 1-0

[Event "PNWCC Masters WOO 2020"]
[Site "chess.com INT"]
[Date "2020.07.04"]
[Round "3.20"]
[White "Brodsky, David"]
[Black "Le, Harry"]
[Result "1-0"]
[WhiteTitle "IM"]
[WhiteElo "2455"]
[BlackElo "1833"]
[WhiteFideId "2073250"]
[BlackFideId "30927838"]
[EventDate "2020.07.04"]

1. e4 c5 2. Nf3 Nc6 3. d4 cxd4 4. Nxd4 Nf6 5. Nc3 e5 6. Ndb5 d6 7. Bg5 a6 8. Na3
b5 9. Nd5 Be7 10. Bxf6 Bxf6 11. c4 b4 12. Nc2 a5 13. g3 O-O 14. Bg2 Be6 15. O-O
Rc8 16. b3 Bxd5 17. Qxd5 Qb6 18. Qd3 Bg5 19. Kh1 Nd4 20. Nxd4 Qxd4 21. Qxd4 exd4
22. Rfd1 Bf6 23. Rd3 Bd8 24. a3 Bb6 25. axb4 axb4 26. Rd2 Ra8 27. Rda2 Rxa2 28.
Rxa2 g6 29. f4 Re8 30. Kg1 Re7 31. Kf1 Ra7 32. Rxa7 Bxa7 33. e5 dxe5 34. fxe5
Bb8 35. Ke2 Bxe5 36. Kd3 Kf8 37. c5 Ke7 38. Kc4 f5 39. Kxb4 f4 40. g4 f3 41.
Bxf3 Bxh2 42. Kc4 Bg1 43. b4 Kd7 44. b5 Kc7 45. b6+ Kb8 46. Kb5 d3 47. c6 Bh2
48. g5 d2 49. Kc4 Bg3 50. Kd5 Bf4 51. Ke6 Be3 52. c7+ Kc8 53. Kd6 Bf4+ 54. Kc6
Bxc7 55. bxc7 d1=Q 56. Bxd1 h5 57. gxh6 g5 58. Bg4# 1-0

[Event "PNWCC Masters WOO 2020"]
[Site "chess.com INT"]
[Date "2020.07.04"]
[Round "3.21"]
[White "Flom, Gabriel"]
[Black "Maiti, Milind"]
[Result "1-0"]
[WhiteTitle "GM"]
[WhiteElo "2514"]
[BlackElo "2068"]
[WhiteFideId "621650"]
[BlackFideId "2090767"]
[EventDate "2020.07.04"]

1. d4 d5 2. c4 e6 3. Nc3 Nf6 4. cxd5 exd5 5. Bg5 Be7 6. e3 c6 7. Bd3 Nbd7 8. Qc2
h6 9. Bh4 Nh5 10. Bxe7 Qxe7 11. Nge2 Nb6 12. O-O-O Bd7 13. Kb1 O-O-O 14. Rc1 Kb8
15. Na4 Nxa4 16. Qxa4 Rhe8 17. Rc3 c5 18. Bb5 Bxb5 19. Qxb5 Qe4+ 20. Ka1 c4 21.
f3 Qe6 22. b3 cxb3 23. Rxb3 Re7 24. Rhb1 Nf6 25. Nf4 Qd6 26. Nd3 Ka8 27. Nc5 b6
28. Qa6 Rb8 29. a4 Nd7 30. Nxd7 Rxd7 31. a5 Rdb7 32. axb6 Rxb6 33. Rxb6 Rxb6 34.
Rxb6 Qxb6 35. Qc8+ Qb8 36. Qc6+ Qb7 37. Qe8+ Qb8 38. Qxf7 Qxh2 39. Qxd5+ Kb8 40.
Qg8+ Kb7 41. Qxg7+ Kb6 42. Qf6+ Kb5 43. Qe5+ 1-0

[Event "PNWCC Masters WOO 2020"]
[Site "chess.com INT"]
[Date "2020.07.04"]
[Round "3.23"]
[White "Lu, Jason"]
[Black "Murzin, Volodar"]
[Result "0-1"]
[BlackTitle "IM"]
[WhiteElo "2025"]
[BlackElo "2465"]
[WhiteFideId "30938040"]
[BlackFideId "44155573"]
[EventDate "2020.07.04"]

1. e4 d6 2. d4 Nf6 3. Nc3 g6 4. Nge2 Bg7 5. h3 O-O 6. g4 Nbd7 7. Bg2 e5 8. O-O
h5 9. dxe5 dxe5 10. Ng3 hxg4 11. hxg4 c6 12. Be3 Qe7 13. Qe2 Nc5 14. f3 Ne6 15.
Rfd1 Nh7 16. Qf2 Bf6 17. Nce2 Bh4 18. Bh3 Qf6 19. Rd6 Nf4 20. Rxf6 Nxh3+ 21. Kg2
Nxf2 22. Rd6 Nxg4 0-1

[Event "PNWCC Masters WOO 2020"]
[Site "chess.com INT"]
[Date "2020.07.04"]
[Round "3.24"]
[White "Yip, Carissa"]
[Black "Vanapalli, Vishnu"]
[Result "1-0"]
[WhiteTitle "IM"]
[WhiteElo "2421"]
[BlackElo "1918"]
[WhiteFideId "2090732"]
[BlackFideId "30920523"]
[EventDate "2020.07.04"]

1. e4 e5 2. Nc3 Nc6 3. Bc4 Nf6 4. d3 Na5 5. Nge2 Nxc4 6. dxc4 d6 7. O-O Be6 8.
b3 h6 9. Qd3 Be7 10. Ba3 O-O 11. Rad1 Qd7 12. Nd5 Ne8 13. Qg3 Bg5 14. c5 Bxd5
15. Rxd5 Nf6 16. Rdd1 Nxe4 17. Qd3 Qc6 18. cxd6 Nxd6 19. c4 Rad8 20. Nc3 Nc8 21.
Qg3 Rxd1 22. Rxd1 Re8 23. Bb2 Bf4 24. Qg4 Ne7 25. h4 f5 26. Qh3 e4 27. Ne2 Bd6
28. Qc3 Kf7 29. Qxg7+ Ke6 30. Nd4+ 1-0

[Event "PNWCC Masters WOO 2020"]
[Site "chess.com INT"]
[Date "2020.07.04"]
[Round "3.25"]
[White "Sarkar, Justin"]
[Black "Pradhyumna Kumar K"]
[Result "1-0"]
[WhiteTitle "IM"]
[WhiteElo "2380"]
[BlackElo "1844"]
[WhiteFideId "2010011"]
[BlackFideId "35081110"]
[EventDate "2020.07.04"]

1. e4 c5 2. Nf3 d6 3. d4 cxd4 4. Nxd4 Nf6 5. Nc3 a6 6. Bg5 e6 7. f4 Be7 8. Qf3
Qc7 9. O-O-O Nbd7 10. f5 Ne5 11. Qh3 Nfg4 12. Bxe7 Qxe7 13. Qg3 Qf6 14. Kb1 Qh6
15. fxe6 Bxe6 16. Nxe6 Qxe6 17. Nd5 O-O 18. h3 Nf6 19. Nc7 Nxe4 20. Qf4 Qg6 21.
Nxa8 Rxa8 22. g4 Rc8 23. Bg2 Nc5 24. Qf5 Qxf5 25. gxf5 Nc4 26. Rhe1 Na4 27. Bxb7
Rb8 28. Rd4 Naxb2 29. Kc1 h6 30. Bd5 Ne5 31. Re3 a5 32. Rb3 Re8 33. Kxb2 a4 34.
Rxa4 Rc8 35. Ra8 Nc4+ 36. Kc3 Kh7 37. Rxc8 Na5 38. Rbb8 f6 39. Rh8# 1-0

[Event "PNWCC Masters WOO 2020"]
[Site "chess.com INT"]
[Date "2020.07.04"]
[Round "3.26"]
[White "Stefanov, Emil"]
[Black "Kumar, Naman"]
[Result "1/2-1/2"]
[WhiteTitle "IM"]
[WhiteElo "2350"]
[BlackElo "2115"]
[WhiteFideId "2914794"]
[BlackFideId "30908922"]
[EventDate "2020.07.04"]

1. Nf3 Nf6 2. c4 e6 3. g3 d5 4. Bg2 Be7 5. O-O O-O 6. b3 c5 7. Bb2 Nc6 8. cxd5
exd5 9. d4 b6 10. Nc3 Bf5 11. Rc1 Rc8 12. dxc5 Bxc5 13. Nb5 a6 14. Nbd4 Nxd4 15.
Nxd4 Bg4 16. Qd3 b5 17. e3 Qd7 18. Ne2 Bxe2 19. Qxe2 Ne4 20. Rfd1 Qe6 21. Qd3
Qf5 22. Rc2 Bb6 23. Re2 Rfd8 24. f3 Nd6 25. Qxd5 Qg6 26. Qe5 Nf5 27. Rxd8+ Rxd8
28. Rd2 Rf8 29. Bd4 Nxd4 30. exd4 Qb1+ 31. Bf1 Rd8 32. Kg2 Qa1 33. Qe2 Bxd4 34.
Qd1 Qxd1 35. Rxd1 Bf6 36. Rxd8+ Bxd8 37. a4 bxa4 38. bxa4 a5 39. Bb5 1/2-1/2

[Event "PNWCC Masters WOO 2020"]
[Site "chess.com INT"]
[Date "2020.07.04"]
[Round "3.27"]
[White "Liang, Jason"]
[Black "Wang, Ze"]
[Result "1-0"]
[WhiteTitle "FM"]
[WhiteElo "2340"]
[BlackElo "1869"]
[WhiteFideId "30940303"]
[BlackFideId "8615187"]
[EventDate "2020.07.04"]

1. d4 Nf6 2. c4 e6 3. Nc3 d5 4. cxd5 exd5 5. Bg5 Be7 6. e3 O-O 7. Bd3 Nbd7 8.
Qc2 Re8 9. Nf3 c6 10. O-O Nf8 11. Rab1 a5 12. a3 Ng6 13. b4 Ne4 14. Bxe7 Qxe7
15. b5 Bd7 16. bxc6 Bxc6 17. Qb2 Rec8 18. Rfc1 Nh4 19. Nxh4 Qxh4 20. Bxe4 dxe4
21. d5 Bd7 22. Qxb7 Qd8 23. Qb2 Rc4 24. Ne2 Rac8 25. Rxc4 Rxc4 26. Rc1 Rxc1+ 27.
Qxc1 h6 28. Ng3 Qe8 29. Qc7 a4 30. h3 Bb5 31. Nf5 Qf8 32. d6 Qe8 33. Ne7+ Kf8
34. Nd5 Qc6 35. Qd8+ Qe8 36. Qe7+ Kg8 37. Qxe8+ Bxe8 38. Nb6 Kf8 39. d7 Bxd7 40.
Nxd7+ Ke7 41. Nc5 1-0

[Event "PNWCC Masters WOO 2020"]
[Site "chess.com INT"]
[Date "2020.07.04"]
[Round "3.28"]
[White "Morefield, Jason"]
[Black "Altman, Joshua"]
[Result "1-0"]
[WhiteTitle "FM"]
[BlackTitle "CM"]
[WhiteElo "2227"]
[BlackElo "1926"]
[WhiteFideId "30920825"]
[BlackFideId "426210"]
[EventDate "2020.07.04"]

1. d4 Nf6 2. c4 e6 3. Nc3 Bb4 4. e3 O-O 5. Ne2 d5 6. a3 Bd6 7. Ng3 c6 8. Bd2 Re8
9. Qc2 Nbd7 10. Be2 Nf8 11. O-O Bd7 12. e4 dxe4 13. Ngxe4 Nxe4 14. Nxe4 Be7 15.
Bf4 Ng6 16. Bg3 f5 17. Nd6 f4 18. Nxe8 Qxe8 19. Bh5 fxg3 20. hxg3 Bf6 21. Rad1
Qe7 22. Rfe1 Qd6 23. Qe4 Re8 24. b4 b5 25. c5 Qd5 26. Qe2 Rf8 27. Bg4 Re8 28.
Bf3 Qb3 29. Rd3 Qc4 30. Be4 Bxd4 31. Rxd4 Qxd4 32. Rd1 Qc3 33. Rxd7 Qxa3 34.
Bxc6 Rf8 35. Qxe6+ Kh8 36. Bf3 Qc3 37. Rd1 Ne5 38. Be2 Qb2 39. Kf1 Qc3 40. Qd6
Rg8 41. Bxb5 Ng4 42. Qd4 Qc2 43. Qxg4 Rf8 44. Be2 1-0

[Event "PNWCC Masters WOO 2020"]
[Site "chess.com INT"]
[Date "2020.07.04"]
[Round "3.29"]
[White "Kondakov, Adrian"]
[Black "Estrada Nieto, Julian"]
[Result "1/2-1/2"]
[WhiteTitle "CM"]
[BlackTitle "IM"]
[WhiteElo "1986"]
[BlackElo "2280"]
[WhiteFideId "30920302"]
[BlackFideId "5101018"]
[EventDate "2020.07.04"]

1. e4 e5 2. Bc4 Nf6 3. d3 Bc5 4. Nf3 d6 5. c3 Nc6 6. a4 a6 7. O-O Ba7 8. b4 O-O
9. h3 h6 10. Re1 Re8 11. Nbd2 Be6 12. Bxe6 Rxe6 13. Nc4 Ne7 14. Qb3 Ng6 15. Be3
d5 16. exd5 Qxd5 17. Bxa7 Rxa7 18. Qc2 Ra8 19. Ne3 Qd7 20. Rad1 Nd5 21. Nxd5
Qxd5 22. d4 exd4 23. Rxe6 Qxe6 24. Nxd4 Qf6 25. Qe4 c6 26. Re1 Rd8 27. a5 h5 28.
Qf5 Qxf5 29. Nxf5 Kf8 30. g3 Rd5 31. Nd4 h4 32. Kg2 c5 33. Nb3 cxb4 34. cxb4
hxg3 35. fxg3 Rb5 36. Re4 Ne7 37. Nc5 1/2-1/2

[Event "PNWCC Masters WOO 2020"]
[Site "chess.com INT"]
[Date "2020.07.04"]
[Round "3.30"]
[White "Eswaran, Ashritha"]
[Black "Wiebe, Daniel"]
[Result "1-0"]
[WhiteTitle "WIM"]
[WhiteElo "2244"]
[BlackElo "1988"]
[WhiteFideId "2080788"]
[BlackFideId "2612275"]
[EventDate "2020.07.04"]

1. e4 c5 2. Nf3 d6 3. d4 cxd4 4. Nxd4 Nf6 5. Nc3 a6 6. Be3 e5 7. Nf3 h6 8. Bc4
Be7 9. O-O Be6 10. Bb3 O-O 11. Re1 Nc6 12. h3 Na5 13. Qe2 Rc8 14. Rad1 Nc4 15.
Bc1 Qc7 16. Nh4 b5 17. Nf5 Bxf5 18. exf5 Rfd8 19. Nd5 Nxd5 20. Rxd5 Bg5 21. Bxg5
hxg5 22. c3 Qe7 23. Rd3 Qf6 24. Rf3 d5 25. Bxc4 e4 26. Bxd5 exf3 27. Bxf3 Kf8
28. Qc2 Rc4 29. Qb3 Qxf5 30. Qa3+ Qc5 31. Qxa6 b4 32. cxb4 Qxb4 33. Rf1 Rc2 34.
b3 Re8 35. Bc6 Rd8 36. Bb5 g4 37. hxg4 Qxg4 38. Qa3+ Kg8 39. Qe7 Rcd2 40. Bc4
Qh5 41. a4 Rd1 42. a5 Rxf1+ 43. Bxf1 Rd1 44. Qe8+ Kh7 45. a6 Qf5 46. Qe2 Ra1 47.
b4 Qb1 48. b5 Ra2 49. Qd3+ Qxd3 50. Bxd3+ g6 51. b6 1-0

[Event "PNWCC Masters WOO 2020"]
[Site "chess.com INT"]
[Date "2020.07.04"]
[Round "3.31"]
[White "Singh, Hersh"]
[Black "Kolay, Alex"]
[Result "1/2-1/2"]
[WhiteElo "1906"]
[BlackElo "2208"]
[WhiteFideId "30918804"]
[BlackFideId "30919991"]
[EventDate "2020.07.04"]

1. d4 d5 2. c4 c6 3. Nf3 Nf6 4. e3 e6 5. b3 Nbd7 6. Bd3 Bd6 7. Bb2 O-O 8. O-O b6
9. Ne5 Bb7 10. Nd2 c5 11. f4 cxd4 12. exd4 dxc4 13. bxc4 Qe7 14. g4 Rad8 15. g5
Bxe5 16. fxe5 Ne8 17. Bxh7+ Kxh7 18. Qh5+ Kg8 19. Rf4 g6 20. Qh6 Ng7 21. Rh4 Nh5
22. d5 Rfe8 23. Ne4 Qf8 24. Nd6 Qxh6 25. gxh6 Ba8 26. Nxe8 Rxe8 27. Rf1 Re7 28.
h7+ Kg7 29. h8=Q+ Kxh8 30. d6 Re8 31. Rxf7 Bc6 32. Rg4 Kg8 33. Re7 Rxe7 34. dxe7
Kf7 35. Rxg6 Kxe7 36. h4 Nf4 37. Rh6 Kf7 38. Rh7+ Kg6 39. Rh8 Nd3 40. Bd4 N3xe5
41. Bxe5 Nxe5 42. h5+ Kg7 43. Rc8 Bd7 44. Ra8 Nxc4 45. Rxa7 Ne5 46. a4 Kh6 47.
a5 bxa5 48. Rxa5 Nd3 49. Kh2 e5 50. Kg3 Kxh5 51. Rd5 Bf5 52. Kf3 Kg5 53. Ke3 e4
54. Rd4 Nc5 55. Rc4 Ne6 56. Rxe4 Bxe4 57. Kxe4 1/2-1/2

[Event "PNWCC Masters WOO 2020"]
[Site "chess.com INT"]
[Date "2020.07.04"]
[Round "3.32"]
[White "Ghazarian, Kirk"]
[Black "Zhang, Samuel"]
[Result "1-0"]
[WhiteElo "2181"]
[BlackElo "2033"]
[WhiteFideId "30908604"]
[BlackFideId "30942993"]
[EventDate "2020.07.04"]

1. e4 c5 2. Nf3 d6 3. d4 cxd4 4. Nxd4 Nf6 5. Nc3 a6 6. Rg1 e6 7. g4 b5 8. g5
Nfd7 9. Be3 Bb7 10. f3 Be7 11. Qd2 Nc6 12. O-O-O Rc8 13. h4 b4 14. Na4 Qa5 15.
b3 Nxd4 16. Bxd4 e5 17. Bb2 Bc6 18. Bh3 Bxa4 19. bxa4 Rc5 20. Bxd7+ Kxd7 21. Qe3
Rhc8 22. Qb3 Rc4 23. Rg2 Qc5 24. Rd5 Qb6 25. a5 Qc6 26. Bxe5 Ke8 27. Bxg7 Qd7
28. Rgd2 Qh3 29. Kb2 Qxh4 30. Qa4+ 1-0